000 00747nam a2200277Ia 4500
003 OSt
005 20220918163503.0
006 a|||||r|||| 00| 0
007 ta
008 220917b |||||||| |||| 00| 0 eng d
020 _a0048000353
024 _a28,808
037 _cTextual
040 _aARTS
_cARTS
_beng
041 _2eng
_aeng
082 _aO111,3M12,MF:g, M6
100 _aCotsell Michael
_913407
245 0 _aCompanion to our mutual friend
260 _aLondon
_bAllen and Unwin UK
_c1986
300 _axvi,316p.
_ccm.
490 _aDickens companions
500 _aBib 289-94p
650 _aENGLISH LITERATURE
942 _hO111,3M12,MF:g, M6
_cTEXL
_2CC
999 _c119818
_d119818